000 00202 a2200097 4500
001 3439
100 _aKahin, G M
245 _aMajor governments of Asia
260 _a
_bCornell
_c
090 _c2708
_d2708
942 _aNUST-CAE
_cM
_c18980
999 _c238512
_d238512